[Event "Bayern-ch (Women) 82nd"]
[Site "Regensburg"]
[Date "2011.08.25"]
[Round "6"]
[White "Nietzer, Ingrid"]
[Black "Huber, Dorit"]
[Result "0-1"]
[WhiteElo "1237"]
[BlackElo "1280"]
[PlyCount "90"]
[EventDate "2011.08.20"]
[EventType "swiss"]
[EventRounds "9"]
[EventCountry "GER"]
[SourceTitle "EXT 2015"]
[Source "ChessBase"]
[SourceDate "2014.11.20"]
[SourceVersion "1"]
[SourceVersionDate "2014.11.20"]
[SourceQuality "1"]

1. e4 c6 2. Nf3 d5 3. exd5 cxd5 4. d4 Nc6 5. Bb5 Qa5+ 6. Nc3 Bf5 7. 0-0 e6 8. Bd2 Bb4 9. a4 Nf6 10. Ne5 Rc8 11. Be2 Nxd4 12. Bd3 0-0 13. Bxf5 Nxf5 14. Nf3 Rfd8 15. Ne2 Bxd2 16. Nxd2 Qc7 17. Rc1 Ng4 18. Ng3 Qf4 19. h3 Nxf2 20. Rxf2 Qxg3 21. Rf3 Qe5 22. b3 Rd6 23. Rd3 Rdc6 24. Nc4 Qc7 25. Na3 Qb6+ 26. Kh1 Rc3 27. Rd2 a6 28. Nb1 Rg3 29. Qe1 Qe3 30. Qxe3 Rxe3 31. c3 Kf8 32. Rdc2 Ke7 33. g4 Nh4 34. Kh2 Nf3+ 35. Kh1 Re1+ 36. Rxe1 Nxe1 37. Re2 Nf3 38. Kg2 Ng5 39. Kg3 Ne4+ 40. Kf4 Nd6 41. Re3 a5 42. Na3 Rb8 43. Ke5 b5 44. Nc2 bxa4 45. bxa4 Nc4+ 0-1